Missing Middles Medley: W Quiz Stats

 Plays Quiz Updated Jun 17, 2016

Score 0/40 Timer 05:00
1 Play Today
% Correct
We
94.7%
Walking
94.2%
Wrong
94%
Way
93.5%
Wee's
93.5%
Who's
93.4%
Will
93.4%
Witch
93.2%
Weeks
93.1%
White
93%
Wide
92.9%
West
92.8%
When
92.7%
Warrior
92.5%
Wait
91.6%
Wonder
90%
Wake
89.1%
Wilkes
88.2%
Willie
86.4%
Williams
85.7%
% Correct
Women
85%
Watched
84.8%
Wild
84.7%
Walter
82.1%
Wilson's
81.8%
Waldo
81.6%
With
80.7%
Winning
80.7%
Well
80.1%
Winter's
77.8%
Western
76.7%
Without
75.3%
Wendell
74.5%
Walker
73.3%
William
71.5%
Were
71%
Wobegon
69.8%
Windermere's
69.5%
Whirled
64.5%
Wilson
61.1%

You're not logged in!

Compare scores with friends on all Sporcle quizzes.
OR
Log In

Show Comments

Extras

Top Quizzes Today


Score Distribution

Your Account Isn't Verified!

In order to create a playlist on Sporcle, you need to verify the email address you used during registration. Go to your Sporcle Settings to finish the process.

Report this User

Report this user for behavior that violates our Community Guidelines.

Details: